000
00246nam a2200109Ia 4500
008
220204s9999 xx 000 0 und d
082
_a
681.3
_b
WAT
245
0
_a
Computers
260
_a
London
_b
Usborne
_c
1981
700
_a
Watts, Lisa
942
_c
BK
999
_c
38427
_d
38427